Waves- Luke Bryan lyrics quiz - Statistics

General Stats
  • This quiz has been taken 17 times
  • The average score is 267 of 358
Answer Stats
Answer % Correct
face
100%
the
100%
down
89%
I
89%
it
89%
It's
89%
its
89%
just
89%
like
89%
sun
89%
sway
89%
to
89%
went
89%
you
89%
your
89%
all
78%
and
78%
closer
78%
comin'
78%
crash
78%
for
78%
frame
78%
go
78%
in
78%
into
78%
july
78%
keep
78%
lightin'
78%
long
78%
made
78%
me
78%
night
78%
ocean
78%
on
78%
over
78%
pull
78%
sky
78%
stars
78%
summer
78%
this
78%
under
78%
up
78%
waves
78%
we're
78%
were
78%
100
67%
after
67%
another
67%
baby
67%
Baby
67%
Boardwalks
67%
by
67%
degrees
67%
don't
67%
girl
67%
Kiss
67%
kiss
67%
let
67%
lighting
67%
one
67%
see
67%
these
67%
tied
67%
alive
56%
beach
56%
blanket
56%
bottle
56%
come
56%
dancin'
56%
feel
56%
flipflops
56%
got
56%
happen
56%
is
56%
knows
56%
layin'
56%
lines
56%
lips
56%
lose
56%
makin'
56%
meant
56%
saltwater
56%
sand's
56%
tan
56%
taste
56%
that
56%
those
56%
tonight
56%
touch
56%
waitin'
56%
was
56%
what
56%
been
44%
could
44%
had
44%
margarhita
44%
mind
44%
next
44%
old
44%
played
44%
right
44%
shop
44%
sip
44%
song
44%
sunburned
44%
surf
44%
they
44%
with
44%
yeah
44%
'cause
33%
Wish
33%
No matching quizzes found
Score Distribution
Percent of People with Each Score
Percentile by Number Answered
Your Score History
You have not taken this quiz